<?xml version="1.0" encoding="UTF-8"?>
<record
    xmlns:xsi="http://www.w3.org/2001/XMLSchema-instance"
    xsi:schemaLocation="http://www.loc.gov/MARC21/slim http://www.loc.gov/standards/marcxml/schema/MARC21slim.xsd"
    xmlns="http://www.loc.gov/MARC21/slim">

  <leader>00646nam a22001937a 4500</leader>
  <datafield tag="999" ind1=" " ind2=" ">
    <subfield code="c">172981</subfield>
    <subfield code="d">172981</subfield>
  </datafield>
  <controlfield tag="005">20200217115720.0</controlfield>
  <datafield tag="010" ind1=" " ind2=" ">
    <subfield code="a">A-277159</subfield>
  </datafield>
  <datafield tag="020" ind1=" " ind2=" ">
    <subfield code="c">10.00</subfield>
  </datafield>
  <datafield tag="035" ind1=" " ind2=" ">
    <subfield code="a">A-277159</subfield>
  </datafield>
  <datafield tag="037" ind1=" " ind2=" ">
    <subfield code="b">BPPD/Pub.</subfield>
  </datafield>
  <datafield tag="082" ind1=" " ind2=" ">
    <subfield code="a">301.452</subfield>
  </datafield>
  <datafield tag="100" ind1=" " ind2=" ">
    <subfield code="a">&#x6BE;&#x627;&#x634;&#x645;&#x6CC;&#x60C; &#x62E;&#x627;&#x648;&#x631;</subfield>
  </datafield>
  <datafield tag="245" ind1=" " ind2=" ">
    <subfield code="a">&#x641;&#x631;&#x642;&#x6BE; &#x67E;&#x631;&#x633;&#x62A;&#x6CC;:</subfield>
    <subfield code="b">&#x627;&#x6CC;&#x6A9; &#x62A;&#x627;&#x631;&#x6CC;&#x62E;&#x6CC; &#x648; &#x633;&#x645;&#x627;&#x62C;&#x6CC; &#x62C;&#x627;&#x6CC;&#x632;&#x6C1; /</subfield>
    <subfield code="c">&#x62E;&#x627;&#x648;&#x631; &#x6BE;&#x627;&#x634;&#x645;&#x6CC;</subfield>
  </datafield>
  <datafield tag="246" ind1=" " ind2=" ">
    <subfield code="a">Firqah Parasti: Ek Tarikhi-O-Samaji Jaiza (urdu) /</subfield>
    <subfield code="b">by Khawar Hashmi</subfield>
  </datafield>
  <datafield tag="260" ind1=" " ind2=" ">
    <subfield code="a">Delhi</subfield>
    <subfield code="b">Mehel Publications</subfield>
    <subfield code="c">1986 &#x621;</subfield>
  </datafield>
  <datafield tag="270" ind1=" " ind2=" ">
    <subfield code="a">1397, Pahadi Amli, Jama Masjid</subfield>
    <subfield code="b">Delhi</subfield>
    <subfield code="e">110006</subfield>
  </datafield>
  <datafield tag="300" ind1=" " ind2=" ">
    <subfield code="a">150p.</subfield>
    <subfield code="c">20cm(Hb)</subfield>
  </datafield>
  <datafield tag="942" ind1=" " ind2=" ">
    <subfield code="2">ddc</subfield>
    <subfield code="c">UR</subfield>
    <subfield code="h">301.452</subfield>
    <subfield code="m">&#x6C1; &#x627; &#x634;</subfield>
  </datafield>
  <datafield tag="952" ind1=" " ind2=" ">
    <subfield code="0">0</subfield>
    <subfield code="1">0</subfield>
    <subfield code="4">0</subfield>
    <subfield code="7">0</subfield>
    <subfield code="8">NFIC</subfield>
    <subfield code="a">L</subfield>
    <subfield code="b">L</subfield>
    <subfield code="d">2020-02-17</subfield>
    <subfield code="e">BPPD/Ven.</subfield>
    <subfield code="g">10.00</subfield>
    <subfield code="l">0</subfield>
    <subfield code="o">301.452 &#x6C1; &#x627; &#x634;</subfield>
    <subfield code="p">A-277159</subfield>
    <subfield code="r">2020-02-17 00:00:00</subfield>
    <subfield code="t">1</subfield>
    <subfield code="v">10.00</subfield>
    <subfield code="w">2020-02-17</subfield>
    <subfield code="y">UR</subfield>
  </datafield>
</record>
